| 000 | 01205nam a22003497a 4500 | ||
|---|---|---|---|
| 003 | CHAP | ||
| 005 | 20220329140654.0 | ||
| 008 | 971013s1981 r 00010 d | ||
| 010 | _a55791 | ||
| 011 | _a56763 | ||
| 035 | _a60916 | ||
| 040 | _cCHAP | ||
| 082 |
_a519.54 _bZ3 |
||
| 100 | 0 | 0 |
_aZack, Shelemyahu. _9123428 |
| 245 |
_aParametric statistical inference _b: basic theory and modern approaches |
||
| 260 |
_aOxford : _bPergamon, _c1981 |
||
| 300 | _a387 p. | ||
| 490 |
_aInternational series in nonlinear mathematics _v; 4 |
||
| 590 |
_aBATCH-UPD _b10 _c20130110 _lUCH01 _h0739 |
||
| 590 |
_aBATCH-UPD _b10 _c20130110 _lUCH01 _h2356 |
||
| 590 |
_aBATCH-UPD _b10 _c20130410 _lUCH01 _h0421 |
||
| 590 |
_aBATCH-UPD _b10 _c20130914 _lUCH01 _h1325 |
||
| 590 |
_aCONVERSION _b10 _c20130109 _lUCH01 _h1330 |
||
| 650 | 1 | 4 |
_aEstadística matemática. _938261 |
| 650 | 1 | 4 |
_aInferencia estadística. _958062 |
| 650 | 1 | 4 |
_aProbabilidades. _991687 |
| 830 | 0 |
_aInternational series in nonlinear mathematics _v; 4 _959802 |
|
| 901 | _aBK | ||
| 942 | _cLIBRO | ||
| 949 |
_a519.54 Z3 _bBC _cLIBRO _d33724000144366 _eLIBRO _h57349 _i60916 _si |
||
| 949 |
_a519.54 Z3 _bBC _cLIBRO _d33724000387031 _eLIBRO _fc.2 _h57350 _i60916 _si |
||
| 999 |
_c55791 _d55791 |
||